000 00590nam a22002537a 4500
003 UA-OsUOA
001 22331
007 ta
008 20031218b un ||||| |||| 00| 0 ukr d
100 _aЖдан А.Н.
090 _a159.9(091)
_bЖ42
942 _cBK
040 _aUA-OsUOA
_brus
_cUA-OsUOA
_dUA-OsUOA
245 _aИстория психологии
_bУчебник
300 _a367 с.
955 _a0
041 _arus
080 _a159.9(091)
020 _a5-211-01027-2
260 _aМосква
_bМГУ
_c1990
044 _aRU
650 7 _2UDC
999 _c308549
_d308549